000 00365nam a2200133Ia 4500
003 GCL
008 140319s9999 xx 000 0 ara d
040 _aGCL /
_cGCL
082 0 4 _a956.726
_bع ت
245 1 0 _aتاريخ كربلاء وحائر الحسين عليه السلام
260 _a[S.N] :
_bدار مدبولى الصغير
300 _a376
490 _a
999 _c54980
_d54980